000 00441nam a2200181Ia 4500
005 20250326125719.0
008 250326s9999 xx 000 0 und d
037 _aTextbook
040 _aFMSL
_beng
_cFMSL
041 _aeng
_2eng
084 _qFMSL
100 _aCOHEN
_9645568
245 0 _aFicial manager
_cCohen; Robbins
260 _aNY
_bNY, Harper & Row
_c1966
300 _a1006p
942 _cTB
999 _c1279239
_d1279239